Kansas City Chiefs Current Players - Statistics

General Stats
  • This quiz has been taken 51 times
  • The average score is 20 of 51
Answer Stats
Position Answer % Correct
QB Mahomes
100%
TE Kelce
97%
RB Pacheco
85%
WR Worthy
85%
DT Jones
82%
LB Jones
82%
WR Brown
74%
QB Wentz
74%
WR Hopkins
71%
PK Butker
68%
G Smith
68%
RB Hunt
65%
TE Gray
62%
LB Bolton
59%
CB Mcduffie
59%
C Humphrey
56%
DE Karlaftis
53%
CB Watson
50%
WR Watson
50%
S Reid
47%
G Thuney
44%
LB Chenal
41%
S Cook
41%
T Taylor
41%
CB Taylor
41%
RB Perine
38%
P Araiza
32%
RB Steele
24%
DE Danna
21%
S Hicks
21%
T Morris
21%
DT Nnadi
21%
WR Schuster
21%
DT Wharton
21%
CB Williams
21%
LB Cochrane
15%
T Humphries
15%
DT Pennel
15%
CB Conner
12%
T Driskell
12%
G Hanson
12%
C Nourzad
9%
T Suamataia
9%
LB Uche
9%
DE Herring
6%
TE Winchester
6%
S Bush
3%
DE Uzomah
3%
TE Firkser
0%
WR Regimio
0%
CB Wallace
0%
No matching quizzes found
Score Distribution
Percent of People with Each Score
Percentile by Number Answered
Your Score History
You have not taken this quiz